000 00624nam a2200241Ia 4500
003 OSt
005 20220925224638.0
006 a|||||r|||| 00| 0
007 ta
008 220923b |||||||| |||| 00| 0 eng d
037 _cGeneral Book
040 _aRTL
_cRTL
_beng
041 _2eng
_aeng
082 _aY35, L7
100 _aBird James
_9283092
245 0 _aCentrality and cities
260 _aLondon
_bRoutledge and Kegan Paul
_c1977
300 _axv,203p
_ccm.
500 _aBibliography: p 158-84
650 _aCity
942 _hY35, L7
_cGB
_2CC
999 _c581881
_d581881